Personality of India:A study in the development of mateial culture of India & Pakistan (Record no. 352330)
[ view plain ]
| 000 -LEADER | |
|---|---|
| fixed length control field | 006050000a22002290004500 |
| 005 - DATE AND TIME OF LATEST TRANSACTION | |
| control field | 20120302060839.0 |
| 040 ## - CATALOGING SOURCE | |
| Original cataloging agency | ENG |
| 100 ## - MAIN ENTRY--PERSONAL NAME | |
| Personal name | Subbarao,Bendapudi |
| 245 ## - TITLE STATEMENT | |
| Title | Personality of India:A study in the development of mateial culture of India & Pakistan |
| 260 ## - PUBLICATION, DISTRIBUTION, ETC. (IMPRINT) | |
| Place of publication, distribution, etc | Baroda:Faculty of Arts,1956 |
| 300 ## - PHYSICAL DESCRIPTION | |
| Extent | xii,135p. |
| 365 ## - TRADE PRICE | |
| Price amount | Rs.15/- |
| 490 ## - SERIES STATEMENT | |
| Series statement | M.S.University Arehaeolvgy Series No.3 |
| 650 ## - SUBJECT ADDED ENTRY--TOPICAL TERM | |
| Topical term or geographic name as entry element | History |
| 650 ## - SUBJECT ADDED ENTRY--TOPICAL TERM | |
| Topical term or geographic name as entry element | Art |
| 650 ## - SUBJECT ADDED ENTRY--TOPICAL TERM | |
| Topical term or geographic name as entry element | Archaeology |
| 650 ## - SUBJECT ADDED ENTRY--TOPICAL TERM | |
| Topical term or geographic name as entry element | Indian Archeology |
| 650 ## - SUBJECT ADDED ENTRY--TOPICAL TERM | |
| Topical term or geographic name as entry element | Terminology |
| 650 ## - SUBJECT ADDED ENTRY--TOPICAL TERM | |
| Topical term or geographic name as entry element | Choronology |
| 650 ## - SUBJECT ADDED ENTRY--TOPICAL TERM | |
| Topical term or geographic name as entry element | Prehistory |
| 942 ## - ADDED ENTRY ELEMENTS (KOHA) | |
| Koha item type | Book |
| Withdrawn status | Lost status | Damaged status | Not for loan | Home library | Current library | Date acquired | Total Checkouts | Barcode | Date last seen | Price effective from |
|---|---|---|---|---|---|---|---|---|---|---|
| Institute For Oriental Study, Thane | Institute For Oriental Study, Thane | 12/02/2009 | IOS-10766 | 12/02/2009 | 12/02/2009 |